| 000 | 004920000a22001930004500 | ||
|---|---|---|---|
| 001 | 003680 | ||
| 003 | MACL | ||
| 005 | 20151027111451.0 | ||
| 008 | 151027b xxu||||| |||| 00| 0 eng d | ||
| 040 |
_aMACL _cMACL |
||
| 041 | _aEnglish | ||
| 082 | _a954 | ||
| 100 |
_aShah, L.P. _916839 |
||
| 245 |
_aFreedom Of India _b1857 Movement And 1919-1947 _cL.P. Shah |
||
| 260 |
_aNew Delhi _c2002 _bNational Archives Of India, |
||
| 350 | _a100 | ||
| 650 |
_aHistory _916840 |
||
| 942 |
_k954 _cBK _2ddc |
||
| 999 |
_c15577 _d15577 |
||